000 00779nam a2200229Ia 4500
003 OSt
005 20220916111044.0
006 a|||||r|||| 00| 0
007 ta
008 220915b |||||||| |||| 00| 0 pan d
024 _a245030
037 _cTextbook
040 _bpun
_aARTS
_cARTS
041 _apun
082 _aP153, K0
100 _aਸਚਦੇਵਾ, ਰਾਜੇF
245 0 _aਆਪਣੀ ਬੋਲੀ: ਪੰਜਾਬੀ ਪਹਿਲੀ ਪੁਸਤਕ
260 _aਮੈਸੂਰ
_bਸੈ੍ਵਟ੍ਰਲ ਇਨਸਟੀਟਊਟ ਆਖ਼ ਇੰਡੀਅਨ ਲੈ੍ਵਗਵੇਜਿਗ਼ ਭਾਰਤ
_c1960
300 _a11ਪੰ
_ccm.
942 _hP153, K0
_cTB
_2CC
999 _c104724
_d104724